000 01031nam a22003257a 4500
001 BR2016003275
003 BR-BrBNA
005 20230928104930.0
007 ta
008 230509b bl.||||| |||| 00| 0 por d
040 _aBR-BrBNA
_bpor
_cBiblioteca Nacional de Agricultura
041 _a(Por)
072 _aE14
090 _ E14 BR2016003275
100 1 _aUdry, C. (ed.)
100 1 _aEidt, J.S. (ed.)
110 1 _aEmpresa Brasileira de Pesquisa Agropecuária, Brasília, DF (Brasil)
245 1 _aConhecimento tradicional conceitos e marco legal
_bColeção Povos e Comunidades Tradicionais, v. 1
250 1 _a1. ed.
260 3 _aBrasília, DF (Brasil):
_c2015.
300 _a344 p.
500 _aIncludes several bibliographies; Summary (Por); 24 illus.; 15 tables
650 _aDESENVOLVIMENTO SUSTENTÁVEL
650 _aPOLÍTICAS PÚBLICAS
650 _aCONSERVAÇÃO
650 _aBIODIVERSIDADE
650 _aTRANSFERÊNCIA DE TECNOLOGIA
909 _a202309
_bLucia
_c55
_dLucia Elande
942 _cBK
999 _c82508
_d82508